000 00576nam a22001817a 4500
003 OSt
005 20251205065346.0
008 251205b |||||||| |||| 00| 0 eng d
020 _a0-397-54823-0.
040 _aDWCL-Main lib
_cOC
082 _22nd ed.
_aGR. 610.7301 M519t 1991
100 _aMeleis, Afaf Ibrahim
245 _aTheoretical nursing :
_bdevelopment and progress
_cMeleis, Afaf Ibrahim
260 _aPhiladelphia :
_bJ. B. Lippincott,
_cc1991.
300 _axvi, 617 pages ;
_c24 cm.
650 _21. Nursing-Philosophy.
942 _2ddc
_cBK-CIRC
_e2nd ed.
_kCirc.
_n0
999 _c6951
_d6951